000 00425nam a22001817a 4500
003 MPLRDC
005 20220104144202.0
008 210129b ||||| |||| 00| 0 eng d
020 _a7-219-00205-x
082 _a528.93 GW
100 _a郭伟、周继骥著
245 _a李宁
_c
250 _a一版一刷
260 _a
_b广西人民出版社
_c1987
300 _b
650 _a体操
942 _cBK
_o528.93 GW
999 _c47207
_d47197